Turbulence in mixing operations : theory and application to mixing and reaction /

Guardado en:
Autores Corporativos: Symposium on the application of turbulence theory to mixing operations, American Institute of Chemical Engineers.
Otros Autores: Brodkey, Robert S., (Editor , ed.)
Formato: Libro
Idioma:English
Publicado: New York : Academic Press, 1975.
Materias:
Etiquetas: Agregar Etiqueta
Sin Etiquetas, Sea el primero en etiquetar este registro!
LEADER 01122nam a22002655a 4500
001 EIQ.libpla002104
008 751121s1975####nyua#####b####101#0#eng#d
005 20070418193245.0
245 0 0 |a Turbulence in mixing operations :  |b theory and application to mixing and reaction /  |c edited by Robert S. Brodkey. 
260 |a New York :  |b Academic Press,  |c 1975. 
300 |a xi, 339 p. :  |b il. ;  |c 24 cm. 
500 |a Based on a symposium held at the national meeting of the American Institute of Chemical Engineers, Pittsburgh, Pa., in June 1974. 
504 |a Incluye referencias bibliográficas e índice. 
020 |a 0121344509 
700 1 |a Brodkey, Robert S.,  |e ed.  |4 edt 
711 2 |a Symposium on the application of turbulence theory to mixing operations  |d (1974 :  |c Pittsburgh, Pa.) 
710 2 |a American Institute of Chemical Engineers. 
082 0 0 |a 660.2/84292 
650 4 |a Mezclado  |x Congresos. 
650 4 |a Turbulencia  |x Congresos. 
650 0 |a Turbulence  |x Congresses. 
650 0 |a Mixing  |x Congresses. 
010 |a  75029538  
040 |a DLC  |c DLC  |d AR-BbSID 
859 |a AR-BbSID  |b BIB. PLAPIQUI  |h 660.284  |i T 841  |p 2075